Szczegóły MARC21

W kanonie prozy amerykańskiej. T. 2, Z placu Waszyngtona do Domu z liści /

003 -Nazwa inst., której nr kontr. jest w polu 001 [,]
    • @
    • Nazwa instytucji, której n kontrolny jest w polu 001
    • NUKAT
005 -DATA I CZAS OSTATNIEJ MODYFIKACJI [,]
    • @
    • pole kontrolne
    • 20241231110818.0
020 -Międzynarod. znormalizowany nr książki - ISBN [ , ]
    • a
    • Numer ISBN
    • 9788389281722 Find
040 -Instytucja sporządzająca opis [ , ]
    • a
    • Instytucja, która sporządziła opis (NP)
    • WR U/as
    • c
    • Instytucja, która sporządziła rekord (NP)
    • WR U/as
    • d
    • Instytucja, która zmodyfikowała rekord (P)
    • WR U/dl
    • d
    • Instytucja, która zmodyfikowała rekord (P)
    • WA U/JSs
942 -Rodzaj dokumentu [ , ]
    • c
    • Rodzaj dokumentu
    • Książka
245 -Strefa tytułu i oznaczenia odpowiedzialności [0,0]
    • a
    • Tytuł
    • W kanonie prozy amerykańskiej. Find
    • n
    • Oznaczenie części (P)
    • T. 2,
    • p
    • Nazwa części (P)
    • Z placu Waszyngtona do Domu z liści /
    • c
    • Pozostałe elementy strefy tytułu i oznaczenia odpowiedzialności (NP)
    • red. Lucyna Aleksandrowicz-Pędich.
260 -Strefa adresu wydawniczego [ , ]
    • a
    • Miejsce wydania (P)
    • Warszawa :
    • b
    • Nazwa wydawcy (P)
    • Wydawnictwo Szkoły Wyższej Psychologii Społecznej "Academica",
    • c
    • Data wydania (P)
    • 2009.
300 -Strefa opisu fizycznego [ , ]
    • a
    • Określenie formy książki i/lub objętość (NP)
    • 262 s. :
    • b
    • Oznaczenie ilustracji (NP)
    • il. ;
    • c
    • Format (NP)
    • 24 cm.
336 -Typ zawartości [ , ]
    • a
    • Termin opisujący typ zawartości
    • Tekst
    • b
    • Kod określający zawartość
    • txt
    • 2
    • Źródło (terminu i kodu)
    • rdacontent
337 -Typ mediów [ , ]
    • a
    • Tryb odtwarzania
    • Bez urządzenia pośredniczącego
    • b
    • Kod typu mediów
    • n
    • 2
    • Źródło (terminu i kodu)
    • rdamedia
338 -Typ/rodzaj nośnika [ , ]
    • a
    • Hasło opisujące typ nośnika
    • Wolumin
    • b
    • Kod typu nośnika
    • nc
    • 2
    • Źródło (terminu i kodu)
    • rdacarrier
080 -Uniwersalna Klasyfikacja Dziesiętna [ , ]
    • 2
    • Identyfikator wydania tablic
    • UDC-P058
    • a
    • Symbol klasyfikacji
    • 821.111(73)(091)
    • b
    • Dopowiedzenie
    • Literatura amerykańska (historia).
    • x
    • Poddział wspólny
    • "19"
    • b
    • Dopowiedzenie
    • XX wiek.
    • x
    • Poddział wspólny
    • (082.1)
    • b
    • Dopowiedzenie
    • (Zbiory prac różnych autorów. Księgi pamiątkowe).
650 -Hasło przedmiotowe [ ,7]
    • a
    • Hasło przedmiotowe
    • Proza amerykańska
    • x
    • Określnik rzeczowy
    • historia i krytyka.
    • 2
    • Źródło terminu
    • kaba
    • 9
    • KHW
    • 426101
980 -Symbol UKD [ , ]
    • a
    • UKD
    • 821.111(73)(091)"19"(082.1)
700 -Hasło dodatkowe - nazwa osobowa [1, ]
    • a
    • Nazwa osobowa (NP)
    • Aleksandrowicz-Pędich, Lucyna. Find
    • e
    • Określenie rodzaju współpracy
    • Red.
    • 9
    • KHW
    • 1115
710 -Hasło dodatkowe - nazwa ciała zbiorowego [2, ]
    • a
    • Nazwa ciała zbiorowego lub nazwa geograficzna jako pierwszy element (NP)
    • Wydawnictwo Academica.
    • 4
    • Kod relacji
    • pbl
    • 9
    • KHW
    • 65610
920 -ISBN [ , ]
    • a
    • ISBN
    • 978-83-89281-72-2 Find
Sygnatura Numer inwentarzowy Status udost. Lokalizacja Data inwentaryzacji
ANG. Literatura amerykańska 036A.84271BM2009-06-01